|
|
|
|
| LEADER |
00000cam a2200000 7i4500 |
| 001 |
0000015304 |
| 005 |
20080324.0 |
| 008 |
080324 |
| 020 |
|
|
|a 0743275101
|
| 090 |
0 |
0 |
|a 333.33092
|b BLA
|
| 100 |
1 |
|
|a Blair,Gwenda
|
| 245 |
1 |
0 |
|a Donald Trump :
|b master references and index
|c Gwenda Blair
|
| 260 |
|
|
|a New York :
|b Simon & Schuster ,
|c 2005
|
| 650 |
|
0 |
|a Businesspeople
|z United States
|x biography
|
| 650 |
|
0 |
|a Real estate developers
|z United States
|x biography
|
| 999 |
|
|
|a 0001017523
|b Book
|c Adult Collection
|e Perbadanan Perpustakaan Awam Johor
|
| 999 |
|
|
|a 0001017524
|b Book
|c Adult Collection
|e Cawangan Pontian
|